| 000 | 00731cam a22002413a 4500 | ||
|---|---|---|---|
| 001 | 28219 | ||
| 003 | PGUSA | ||
| 005 | 20140828083617.0 | ||
| 008 | 090228s2009||||xxu|||||s|||||000 | eng d | ||
| 040 |
_aPGUSA _beng |
||
| 042 | _adc | ||
| 050 | 4 | _aML | |
| 100 | 1 |
_aSchumann, Robert, _d1810-1856 |
|
| 245 | 1 | 0 |
_aAdvice to Young Musicians. Musikalische Haus- und Lebens-Regeln _h[electronic resource] / _cRobert Schumann |
| 260 |
_bProject Gutenberg, _c2009 |
||
| 506 | _aPublic domain in the USA. | ||
| 516 | _aElectronic text | ||
| 653 | _aMusic -- Instruction and study | ||
| 700 | 1 |
_aPierson, Henry Hugo, _d1815-1873 |
|
| 830 | 0 |
_aProject Gutenberg _v28219 |
|
| 856 | 4 | 0 | _uhttp://www.gutenberg.org/ebooks/28219 |
| 942 | _cEB | ||
| 999 |
_c257474 _d257474 |
||